| 000 | 00686nam a2200229 i 4500 | ||
|---|---|---|---|
| 001 | 16518 | ||
| 003 | ES-MaACL | ||
| 005 | 20250728111234.0 | ||
| 007 | t| | ||
| 008 | 001013s1999 sp ||||1| spa d | ||
| 020 | _a84-493-0363-X | ||
| 080 | _a215 | ||
| 100 | 1 |
_aGadamer, Hans Georg. _953182 |
|
| 245 | 1 | 0 |
_aMito y razón / _cHans-Georg Gadamer ; prólogo de Joan-Carles Mèlich. |
| 260 |
_aBarcelona : _bPaidós Ibérica, _c[1999] |
||
| 300 |
_a133 p. ; _c20 cm. |
||
| 490 | 1 |
_aPaidós studio ; _v126 |
|
| 650 | 7 |
_aReligión y ciencia _2embne _916806 |
|
| 830 | 0 |
_aPaidós studio ; _v126 _9178141 |
|
| 852 |
_aES-MaACL _jL-23709 _bR.128638 |
||
| 999 |
_c16518 _d16518 |
||